| 000 | 01263nam a2200313 i 4500 | ||
|---|---|---|---|
| 001 | 000041378 | ||
| 003 | DO-SdBNP | ||
| 005 | 20250701121839.0 | ||
| 007 | ta | ||
| 008 | 130705s2006 dr 000 0 spa d | ||
| 040 |
_aDO-SdBNP _bspa _cBNPHU _erda |
||
| 082 | 4 |
_a378.7293 _bS623pe _222 |
|
| 245 | 0 | 0 |
_aSituación y perspectivas de la cooperación entre las instituciones de educación superior / _ccoordinadora Adamilka D. Oleo ... [et.al. ]. |
| 264 |
_aSanto Domingo : _bSEESCyT, _c2006. |
||
| 300 |
_a20 páginas ; _c22 cm. |
||
| 336 |
_2rdacontent _atexto _btxt |
||
| 337 |
_2rdamedia _asin mediación _bn |
||
| 338 |
_2rdacarrier _avolumen _bnc |
||
| 490 | _aMesas de trabajo de la SEESCyT | ||
| 500 | _aTrabajo presentado en el Foro Presidencial por la Excelencia de la Educación. Mesas de Trabajo de la SEESCyT | ||
| 504 | _aBibliografía : p. 20 | ||
| 590 | _aInventariado, 2021/MFF | ||
| 650 | 4 |
_aEducación superior _zRepública Dominicana _979870 |
|
| 650 | 4 |
_aCooperación cultural _zRepública Dominicana _979871 |
|
| 700 | 1 |
_aD.Oleo, Adamilka, _ecoor. _968030 |
|
| 710 | 1 |
_aRepública Dominicana. _bSecretaría de Estado de Educación Superior, Ciencia y Tecnología _918778 |
|
| 910 | _aValidado. Control de calidad MFF | ||
| 942 |
_2ddc _cLF2 |
||
| 999 |
_c40868 _d40868 |
||